[Event "Yingmei CHN-chT 2018"]
[Site "Shenzhen"]
[Date "2018.04.12"]
[Round "2"]
[White "Xu, Yi"]
[Black "Wan, Yunguo"]
[Result "1/2-1/2"]
[WhiteElo "2522"]
[BlackElo "2500"]
[Annotator "TA"]
[PlyCount "93"]
[EventDate "2018.??.??"]
[EventCountry "CHN"]
[SourceTitle "playchess.com"]
[Source "ChessBase"]
[SourceQuality "1"]

{[%evp 19,93,10,4,0,0,9,10,14,0,0,4,0,0,0,0,0,0,0,1,-6,0,-10,0,0,0,0,0,0,0,-6,-1,-5,0,0,0,0,0,0,0,0,0,0,0,0,0,0,0,0,0,0,0,0,0,0,0,0,0,0,0,0,0,0,0,0,0,0,0,0,0,0,0,0,0,0,0,0]} 1. e4 c5 2. Nf3 d6 3. d4 cxd4 4. Nxd4 Nf6 5. Nc3 a6 6. h4 {B90: Sicilian Najdorf: Unusual White 6th moves, 6 Be3 Ng4 and 6 Be3 e5} (6. f3 e5 7. Nb3 Be6 8. Be3 Be7 9. Qd2 Nbd7 10. g4 O-O 11. g5 Nh5 12. O-O-O b5 13. Nd5 Bxd5 14. exd5 f6 15. gxf6 Bxf6 16. Kb1 Nf4 17. Rg1 Kh8 18. Bd3 Bg5 19. Na5 Bh6 20. Nc6 Qh4 21. Qb4 {½-½ (49) Caruana,F (2784)-Mamedyarov,S (2809) Berlin 2018}) 6... e5 7. Nb3 Be6 8. f4 exf4 9. Bxf4 Nc6 10. Qd2 d5 {LiveBook: 3 Games. The position is equal.} 11. exd5 $146 ({Predecessor:} 11. O-O-O d4 12. Nxd4 Qxd4 13. Qxd4 Nxd4 14. Rxd4 {1-0 (45) Deac,B (2549)-Solomon,K (2420) Caleta 2018}) 11... Nxd5 12. Nxd5 Qxd5 13. Qxd5 Bxd5 14. O-O-O O-O-O 15. g3 Bd6 16. Bxd6 Rxd6 17. Rh2 Rhd8 18. Rhd2 Kc7 19. Nd4 Be4 {[%cal Rc6d4]} ({Don't play} 19... Bxa2 $6 20. Nxc6 Rxd2 21. Rxd2 $16) (19... Nxd4 {feels hotter.} 20. Rxd4 f5 21. Bd3 Be4 22. Rxd6 Rxd6 23. Kd2 Bxd3 24. cxd3 Kd7) 20. Nxc6 (20. Nb3 {is more complex.} Rxd2 21. Rxd2 Re8 22. Nc5 Bf5 23. Rf2) 20... Rxc6 (20... Kxc6 {with more complications.} 21. c3 Rxd2 22. Rxd2 Rd6 23. g4 g6) 21. Bd3 ({But not} 21. Rxd8 Rxc2+ 22. Kb1 Rd2+ 23. Kc1 Rxd8 $17) 21... Bxd3 (21... Re6 {keeps more tension.} 22. Bxe4 Rxd2 23. Kxd2 Rxe4 24. Rf1 f6) 22. Rxd3 Rxd3 (22... Rdd6 {feels hotter.} 23. Re3 Re6 24. Rdd3 b5 25. Kd2 a5) 23. Rxd3 $11 {[%mdl 4096] Endgame KR-KR} Rf6 24. Kd2 Rf2+ 25. Kc3 f5 26. b4 g6 27. a4 f4 28. gxf4 Rxf4 29. h5 g5 30. h6 Rf6 31. Rg3 Rg6 32. Kd4 Kd6 33. c4 b6 34. c5+ bxc5+ 35. bxc5+ Kc6 36. Rb3 {[#] Threatening mate with Rb6+.} Kc7 $1 37. Rf3 Kc6 38. Rb3 {Intending Rb6+ and mate.} Kc7 $1 39. Rf3 {Threatens to win with Rf7+.} Rxh6 40. Kd5 g4 41. Rf7+ Kc8 {[#] Strongly threatening ...g3.} 42. c6 g3 43. Rf8+ Kc7 44. Rf7+ Kd8 {...g2 is the strong threat.} (44... Kb8 $5 45. Rf8+ $8 Kc7 46. Rf7+ Kd8 47. Rf8+ Kc7 $11) 45. Rf8+ $1 Kc7 $1 {aiming for ...Rd6+.} 46. Rf7+ Kc8 (46... Kb8 $5 47. Rf8+ $8 Kc7 $11) 47. Rf8+ {Precision: White = 89%, Black = 70%.} 1/2-1/2

[Event "Yingmei CHN-chT 2018"]
[Site "Shenzhen"]
[Date "2018.04.12"]
[Round "2"]
[White "Liang, Jinrong"]
[Black "Gao, Rui"]
[Result "1/2-1/2"]
[WhiteElo "2465"]
[BlackElo "2566"]
[Annotator "TA"]
[PlyCount "95"]
[EventDate "2018.??.??"]
[EventCountry "CHN"]
[SourceTitle "playchess.com"]
[Source "ChessBase"]
[SourceQuality "1"]

{[%evp 23,95,-1,0,0,0,-3,0,-40,-24,-43,-19,-42,0,0,0,12,12,0,6,0,0,0,0,0,31,8,35,0,0,0,0,5,5,-21,-25,-20,-37,-35,0,0,0,-99,-100,-107,-109,-100,-100,-113,-118,-89,-123,-132,-89,-104,-117,-994,-980,-986,-512,-924,-518,-442,-279,-235,0,-349,0,-168,0,-1345,-660,-29993,-935,-29994]} 1. e4 c5 2. Nf3 Nc6 3. d4 cxd4 4. Nxd4 Nf6 5. Nc3 d6 6. Be2 e5 7. Nb3 Be7 8. Bg5 O-O 9. Bxf6 Bxf6 10. Nd5 Bg5 11. O-O Be6 12. c3 Rc8 13. Bg4 {B59: Classical Sicilian: 6 Be2 e5 7 Nb3} Qd7 (13... Ne7 14. Nxe7+ Bxe7 15. Bxe6 fxe6 16. Qe2 {½-½ (16) Milos,G (2596)-Delgado Ramirez,N (2619) Buenos Aires 2010}) 14. h3 g6 15. Bf3 $146 {The position is equal.} ({Predecessor:} 15. f4 exf4 16. Nxf4 Bxg4 17. hxg4 Ne5 18. Nd4 Rce8 19. Nd5 Qxg4 20. Qxg4 Nxg4 {0-1 (48) Kaimo,R (2355)-Zaltsman,V New York,NY 1977}) 15... Ne7 16. Nxe7+ Bxe7 17. Bg4 Bd8 (17... f5 {is interesting.} 18. exf5 gxf5 19. Bf3 d5 20. Bh5 Bd8) 18. Bxe6 fxe6 19. Nd2 Bb6 20. Nf3 Qc6 21. Qd3 Rf4 22. Rad1 Rd8 23. Rfe1 Kg7 24. Re2 a5 25. Rdd2 h6 {[%cal Bh7h6,Bh6h5,Bh5g4][%mdl 32]} 26. b3 g5 27. a4 Kf7 28. g3 Rf6 29. Nh2 h5 30. Nf3 Rg8 31. Kg2 Ke7 32. Rc2 (32. b4 $11) 32... g4 $17 33. hxg4 hxg4 34. Nh2 Qe8 35. Qb5 {[#]} Qh5 $1 {[%cal Rh5h3]} 36. Qxb6 Qh3+ $40 {[%mdl 128] White is in trouble.} 37. Kg1 {Black must now prevent Qc7+.} Rh6 38. Qxb7+ Kf6 39. Re3 $2 {[%mdl 8192] [#]} (39. Re1 $17) 39... Qxh2+ $19 40. Kf1 Qh1+ ({Weaker is} 40... Rh7 41. Qc6 $17) 41. Ke2 Qb1 42. Kd3 Qd1+ 43. Rd2 Qb1+ (43... Qf1+ $142 44. Ree2 Rhh8) 44. Rc2 $1 ({Don't go for} 44. Kc4 $2 Rhh8 $19) 44... Qd1+ (44... Rd8 $142 45. Ree2 Rhh8) 45. Rd2 Qb1+ $2 ({Black should try} 45... Qf1+ $19 46. Ree2 Rhh8) 46. Kc4 $2 {[%mdl 8192]} (46. Rc2 $11) 46... Rh7 (46... Rhh8 $142 47. Rxd6 Rc8+ 48. Rc6 Rxc6+ 49. Qxc6 Qf1+ 50. Rd3 Rd8) 47. Rc2 Rhh8 (47... Qxc2 $142 48. Qa6 Rb8 49. Qxd6 Qxb3+ 50. Kc5 Qa3+ 51. Kc4 Qxd6 52. Rf3+ gxf3 53. g4 Rc7#) 48. Qb6 {[%mdl 32768] Precision: White = 54%, Black = 42%. . An unexpected result.} 1/2-1/2

[Event "Yingmei CHN-chT 2018"]
[Site "Shenzhen"]
[Date "2018.04.12"]
[Round "2"]
[White "Liu, Guanchu"]
[Black "Ding, Liren"]
[Result "0-1"]
[WhiteElo "2459"]
[BlackElo "2778"]
[Annotator "TA"]
[PlyCount "54"]
[EventDate "2018.??.??"]
[EventCountry "CHN"]
[SourceTitle "playchess.com"]
[Source "ChessBase"]
[SourceQuality "1"]

{[%evp 19,54,0,0,0,4,0,30,24,22,18,35,22,19,0,23,12,0,-33,-19,-27,-29,-29,-26,-31,-24,-27,-22,-18,-18,-44,-47,-63,-63,-53,-22,-98,-106]} 1. e4 e5 2. Nf3 Nc6 3. Nc3 Nf6 4. d4 exd4 5. Nxd4 Bb4 6. Nxc6 bxc6 7. Bd3 O-O 8. O-O Re8 9. Qf3 Rb8 10. Bg5 {C47: Scotch Four Knights and Four Knights with 4 g3} (10. h3 Bc5 11. b3 Bd4 12. Bb2 d6 13. Rad1 c5 14. Na4 Bb7 15. Bxd4 cxd4 16. Rfe1 c5 17. Nb2 Nd7 {½-½ (41) Degraeve,J (2570)-Xiong,J (2634) chess.com INT 2018}) 10... Bd6 {LiveBook: 8 Games} 11. Rab1 Be5 12. Bf4 {The position is equal.} d5 $146 ({Predecessor:} 12... Qe7 13. Bxe5 Qxe5 14. Qg3 Qxg3 15. hxg3 a5 16. Rfd1 d6 17. f3 Be6 {½-½ (55) Demidov,M (2507)-Belyakov,B (2477) Voronezh 2015}) 13. Bxe5 Rxe5 14. Qg3 Re6 {[%cal Rd5e4]} 15. exd5 cxd5 16. Nb5 Rb7 17. Nd4 Reb6 {Threatening ...c5.} 18. b3 c5 19. Nf5 {[%csl Gf5][%cal Rg3g7] [#]} g6 {White must now prevent ...c4!} 20. Rbd1 Nh5 21. Qh4 Qxh4 22. Nxh4 Nf4 $36 {[%mdl 2048] Black has the initiative.} 23. Rfe1 {Strongly threatening Re8+.} Bg4 24. f3 Be6 {aiming for ...g5.} 25. g3 Nxd3 26. Rxd3 c4 27. Rd4 {[#]} (27. bxc4 $11 dxc4 28. Rc3) 27... Ra6 $1 {Precision: White = 48%, Black = 68%.} 0-1

[Event "Yingmei CHN-chT 2018"]
[Site "Shenzhen"]
[Date "2018.04.12"]
[Round "2"]
[White "Li, Di"]
[Black "Lu, Shanglei"]
[Result "1/2-1/2"]
[WhiteElo "2455"]
[BlackElo "2640"]
[Annotator "TA"]
[PlyCount "83"]
[EventDate "2018.??.??"]
[EventCountry "CHN"]
[SourceTitle "playchess.com"]
[Source "ChessBase"]
[SourceQuality "1"]

{[%evp 24,83,20,0,55,0,0,4,75,73,78,78,81,75,80,72,144,143,145,114,118,121,134,88,119,119,117,108,112,109,147,97,100,107,102,98,98,96,118,0,122,0,118,118,126,102,135,81,91,0,136,100,134,125,164,160,149,0,158,157,147,0]} 1. Nf3 Nf6 2. d4 e6 3. c4 d5 4. Nc3 dxc4 5. e4 {[%cal Be2e4,Be4e5][%mdl 32]} Bb4 6. Bg5 c5 7. e5 cxd4 8. Nxd4 Qa5 9. exf6 Bxc3+ 10. bxc3 Qxg5 11. fxg7 Qxg7 12. Qd2 {D39: Queen's Gambit Declined: Ragozin Defence with 5 Bg5 dxc4} Bd7 13. Bxc4 {LiveBook: 4 Games} Nc6 {[#]} 14. O-O $146 (14. Nb5 $1 $14 Ne5 15. Nd6+ Kf8 16. O-O-O) ({Predecessor:} 14. Nb5 Qe5+ 15. Be2 Ne7 16. f4 Qc5 17. Nd6+ Kf8 18. f5 Nd5 19. Qh6+ Ke7 {½-½ (59) Akobian,V (2619)-Melkumyan,H (2519) Moscow 2009}) 14... Rd8 $11 15. Rae1 {Hoping for Nf5.} Ne5 (15... Nxd4 $11 16. cxd4 Bc6) 16. Qe2 $16 Nxc4 17. Qxc4 O-O 18. Re3 Kh8 19. Qc7 Bc8 {[#]} (19... f6 $142) 20. Qf4 $1 {Threatens to win with Rg3.} f5 21. Rfe1 Rf6 22. g3 {[%cal Rd4e6]} Qf7 23. Nf3 b6 24. Ne5 Qg7 25. Nc6 Rdf8 26. Rd3 Qg4 27. Qc7 {Strongly threatening Rd8.} R6f7 28. Qe5+ Qg7 {[#]} 29. Qf4 $1 Rc7 30. Nd4 Re7 31. Nc6 Rc7 32. Nd4 Re7 33. Rde3 Qf6 34. Re5 Rfe8 35. Nc6 (35. a4 $142) 35... Rf7 36. Nd4 Rfe7 $1 37. h3 Kg7 38. Kh2 $36 {[%mdl 2048] White is on the roll.} Kf7 39. Nc6 Rd7 40. Nd4 Rde7 $1 41. Nb5 {Nd6+ is the strong threat.} Rd8 42. Nd4 {Precision: White = 72%, Black = 56%.} (42. a4 $16) 1/2-1/2

[Event "Yingmei CHN-chT 2018"]
[Site "Shenzhen"]
[Date "2018.04.12"]
[Round "2"]
[White "Ding, Yixin"]
[Black "Ren, Xiaoyi"]
[Result "1/2-1/2"]
[WhiteElo "2419"]
[BlackElo "2263"]
[Annotator "TA"]
[PlyCount "281"]
[EventDate "2018.??.??"]
[EventCountry "CHN"]
[SourceTitle "playchess.com"]
[Source "ChessBase"]
[SourceQuality "1"]

{[%evp 22,281,22,-8,25,33,39,33,44,30,17,24,22,0,10,0,0,0,0,0,0,0,0,-162,0,7,13,0,0,-51,-59,-56,-43,-37,-51,-54,-54,-54,-54,-61,-58,-58,-54,-56,-51,-42,-47,-60,-60,-76,-17,-81,-81,-81,-74,-81,-32,-32,-16,-55,-52,-108,-87,-118,-118,-113,-75,-158,-158,-151,-122,-149,-148,-142,-140,-137,-108,-129,-108,-116,-108,-108,-103,-165,-108,-108,-101,-101,-100,-100,-93,-93,-93,-93,-92,-117,-111,-101,-112,-253,-92,-93,-92,-95,-102,-166,-8,-8,-8,-225,-168,-248,-248,-205,-216,-230,-216,-340,-340,-366,-366,-366,-366,-357,-350,-346,-168,-530,-487,-553,-485,-546,-485,-477,0,-472,-471,-881,-869,-790,-739,-596,-469,-456,-340,-464,-250,-485,-478,-472,-223,-216,-216,-220,-231,-223,-231,-217,-223,-225,-189,-189,-8,-8,-8,-8,-8,-8,0,-8,-8,-8,-8,-8,-8,-8,-8,-8,-8,-8,-8,-8,-8,-8,-8,-8,0,-8,-8,-8,-8,-8,0,0,0,-8,0,0,0,0,0,0,0,0,0,-8,0,-8,0,0,0,0,0,0,0,0,0,0,0,-8,0,-8,0,0,0,0,0,0,0,-8,-8,-8,0,-8,0,-8,0,-8,0,0,0,0,0,0,0,0,0,0,0,-8,0,0,0,0,0,0,0,-8,0,0,0,0]} 1. e4 e5 2. Nf3 d6 3. Bc4 Be7 4. d4 exd4 5. Nxd4 Nf6 6. Nc3 O-O 7. O-O c6 8. a4 Nxe4 {C41: Philidor Defence} (8... Nbd7 9. Ba2 Nc5 10. Re1 Re8 11. Qf3 Bg4 12. Qg3 Bf8 13. Bg5 Ne6 14. Nxe6 Bxe6 15. e5 dxe5 16. Rad1 {½-½ (55) Salgado Lopez,I (2627)-Alonso Rosell,A (2530) Linares 2017}) 9. Nxe4 d5 10. Bd3 dxe4 11. Bxe4 Bf6 12. Be3 {LiveBook: 4 Games} (12. Qh5 $2 g6 $19) 12... Nd7 {[%cal Bb8d7,Bd7e5,Be5g4][%mdl 32]} (12... Re8 $5 {[%cal Re8e4]} 13. Qd3 g6 $11) 13. c3 g6 14. Qc2 $146 ({Find the theoretical novelty and annotate with similar games:} 14. Nb3 Qe7 15. Bc2 Rd8 16. Qc1 {1-0 (48) Perlitz,S (2065)-Schwenkreis,T (2068) Deutschland 2017}) 14... Qe7 15. Rfe1 Re8 16. Bd2 Qf8 17. b4 Ne5 18. Qb3 Be6 19. Nxe6 Rxe6 20. f4 Ng4 21. Bf3 Rxe1+ 22. Rxe1 $2 (22. Bxe1 $11 Ne3 23. Bf2) 22... Rd8 $2 (22... Qd8 $19 23. Bxg4 Qxd2) 23. Re2 $11 h5 24. h3 Nh6 25. g4 (25. Be4 $11) 25... hxg4 26. hxg4 Rd3 $36 {[%mdl 2048] Black has some pressure.} 27. Kg2 {Threatens to win with Qc2.} Qc8 28. f5 {[#]} Nxf5 $1 {[%mdl 512]} 29. gxf5 Qxf5 30. Re8+ $1 Kg7 31. Be3 $1 Be5 32. Qc2 Rxe3 33. Qxf5 gxf5 $15 {[%mdl 4096] Endgame KRB-KRB} 34. Re7 b6 35. Bxc6 f4 (35... Rg3+ $17 36. Kf2 Rxc3) 36. b5 (36. Rxa7 $11 Rxc3 37. Bd5) 36... Rg3+ 37. Kf1 Bxc3 38. Bd5 Rd3 39. Rxf7+ Kh6 40. Bc6 Kg5 41. Rf8 (41. Kg2 $15) 41... Rd4 42. Ke2 Rxa4 43. Kf3 Bd2 44. Rf7 (44. Rg8+ $142 Kf6 45. Rf8+ Kg5 46. Rg8+ Kf6 47. Rf8+ Kg7 48. Rd8) 44... Ra3+ $17 45. Ke2 Be3 46. Bd7 a6 47. bxa6 Rxa6 48. Rf5+ Kg6 49. Rf8 Ra7 50. Bc6 Kg7 51. Rf5 Rc7 52. Be4 (52. Bd5 $17) 52... Rc8 (52... Rc5 $1 $19 53. Kf3 Rxf5 54. Bxf5 b5) 53. Kf3 Rb8 54. Bd3 Ra8 55. Bc4 Ra5 56. Rf7+ Kg6 57. Rf8 Rc5 58. Be6 b5 59. Rb8 Bd2 $1 60. Rd8 (60. Bd7 $17 {was necessary.}) 60... Rc2 $2 (60... Rc3+ $19 {is more deadly.} 61. Ke2 Re3+ 62. Kxd2 Rxe6) 61. Kg4 Kf6 62. Bf5 Rb2 63. Re8 (63. Rd5 $17 {was called for.}) 63... b4 $2 (63... Rb3 $19 {And now ...Rg3+ would win.} 64. Re6+ Kf7) 64. Re6+ $11 Kg7 65. Kf3 $2 (65. Re2 $11 {and White has nothing to worry.}) 65... Be3 66. Ke4 (66. Be4 {might work better.}) 66... Rd2 $19 67. Rg6+ Kf7 {...b3 is the strong threat.} 68. Rc6 Ke7 69. Re6+ (69. Rc7+ $142 Kf6 70. Rd7) 69... Kd8 $1 70. Rc6 b3 71. Rc8+ Ke7 72. Rb8 b2 73. Kf3 Kd6 (73... Rf2+ $142 74. Ke4 Kd6) 74. Be4 $2 (74. Rd8+ Ke5 75. Rxd2) 74... Rf2+ 75. Kg4 Bc1 76. Rb5 Re2 77. Bb1 Rf2 $2 (77... Re3 $19 78. Bc2 Rg3+ 79. Kh4 Kc6) 78. Rf5 $2 {[%mdl 8192]} (78. Be4 $1 $11 {and White stays safe.} Re2 79. Bb1) 78... Be3 79. Bd3 (79. Rb5 $142) 79... Rd2 80. Be4 Rd4 81. Bc2 Kc6 82. Rf8 Kc5 83. Kf3 Kb4 (83... Rd2 $142 84. Rc8+ Kb5) 84. Rc8 $2 (84. Bg6) 84... Rd2 85. Bb1 Rd1 (85... Rf2+ $142 86. Ke4 Rf1) 86. Rb8+ Kc3 87. Rc8+ {[#]} Bc5 $1 {[%mdl 512]} 88. Bh7 (88. Rxc5+ Kb4) 88... Rf1+ 89. Kg2 {[#]} Rg1+ $1 ({Not} 89... Rf2+ 90. Kg1 $11) 90. Kf3 Kc4 ({Much less strong is} 90... Rf1+ 91. Kg2 $17) 91. Kxf4 b1=Q $2 (91... Rf1+ $19 92. Kg4 Rh1) 92. Bxb1 $11 {The position is equal.} Rxb1 {KRB-KR} 93. Rd8 Bd4 94. Kf5 Rb5+ 95. Kf4 Kd3 96. Re8 $1 Rb6 97. Kf5 Rf6+ 98. Kg5 Rf1 99. Kg4 Be3 100. Re6 Rf4+ 101. Kh5 Kd4 102. Re8 Rf1 103. Kg6 Rf3 104. Re7 Kd5 105. Rf7 Rg3+ 106. Kf5 Rg5+ 107. Kf6 Rh5 108. Kg6 Rg5+ 109. Kf6 Re5 110. Rb7 Ke4 111. Rb1 Ra5 112. Rb4+ Bd4+ 113. Kg6 Rd5 114. Rc4 Kf4 115. Rc1 Rd6+ 116. Kf7 Be5 117. Rg1 Kf5 118. Rf1+ Bf4 119. Ke7 Rc6 120. Rd1 Rh6 121. Kd7 Be5 122. Rf1+ Ke4 123. Rd1 Bd4 124. Re1+ Kd5 125. Re7 Ra6 126. Ke8 Bf6 127. Rd7+ (127. Rb7 {NOTEXT} Kc4 128. Rd7 Bd4 129. Rc7+ Kb4 130. Rc8) 127... Kc6 {( -> ...Ra8+)} 128. Rh7 (128. Rd1 {NOTEXT} Ra1 129. Rd3 Re1+ 130. Kf8 Kb7 131. Kf7) 128... Kd6 129. Kf7 (129. Rd7+ {NOTEXT} Kc5 130. Rc7+ Kb6 131. Rc1 Ra1 132. Rc2) 129... Ke5 130. Rh5+ Kf4 131. Rh1 $1 Be5 132. Rh4+ Kg5 133. Rh1 Bf4 134. Ke7 Kf5 135. Rh5+ Ke4 136. Rh4 Rg6 137. Kf7 Rc6 138. Ke7 Kf5 139. Rh5+ Kg6 140. Rh1 Be5 141. Rf1 {Precision: White = 47%, Black = 51%.} 1/2-1/2

[Event "Yingmei CHN-chT 2018"]
[Site "Shenzhen"]
[Date "2018.04.12"]
[Round "2"]
[White "Xiang, Zeyu"]
[Black "Zhou, Jianchao"]
[Result "1/2-1/2"]
[WhiteElo "2411"]
[BlackElo "2616"]
[Annotator "TA"]
[PlyCount "87"]
[EventDate "2018.??.??"]
[EventCountry "CHN"]
[SourceTitle "playchess.com"]
[Source "ChessBase"]
[SourceQuality "1"]

{[%evp 19,87,25,32,29,24,22,25,30,35,20,53,21,32,25,27,36,41,37,41,29,43,15,17,0,0,-2,-2,-2,-2,-12,-4,-6,-2,-12,-5,-12,-12,-12,-5,-17,-6,-72,-13,-21,-20,-25,-22,-20,0,0,0,-13,-13,-13,-10,-14,-14,-15,0,-6,0,0,0,0,0,0,0,0,0,0]} 1. d4 d5 2. c4 e6 3. Nf3 a6 4. cxd5 exd5 5. Nc3 Nf6 6. Bg5 {D37: Queen's Gambit Declined: 5 Bf4} Be6 7. e3 Nbd7 8. Bd3 Bd6 9. O-O (9. Bf4 Qe7 10. O-O O-O 11. h3 Rfe8 12. Qc2 {½-½ (12) Aronian,L (2805)-Carlsen,M (2837) Riadh 2017}) 9... c6 10. Bf4 Qc7 {LiveBook: 8 Games} 11. Bxd6 Qxd6 12. Qc2 O-O 13. h3 {[#]} Nb6 $146 ({Predecessor:} 13... a5) 14. Rac1 Rfe8 15. b3 Qd8 16. Ne5 Nc8 17. Na4 Nd6 18. Nc5 g6 19. b4 Nfe4 20. a4 Bf5 21. Bxe4 (21. Rfd1 {is more complex.} Kg7 22. Qe2 Qh4 23. Re1 h5 24. a5) 21... Bxe4 22. Nxe4 Nxe4 23. Rfd1 Nd6 24. Qb3 Re6 25. Nd3 Qg5 26. Kh2 Rae8 27. Ne5 h5 28. Qd3 Qe7 29. Rb1 g5 30. Kg1 (30. Qe2 $11) 30... Ne4 ({Black should try} 30... g4 $17) 31. Rb2 f6 32. Nf3 $1 g4 33. Nh4 $1 {The position is equal.} g3 34. fxg3 $1 Nxg3 35. Nf5 Nxf5 36. Qxf5 Qh7 37. Rf1 Qxf5 38. Rxf5 Rxe3 39. Rxf6 Re2 40. Rxe2 Rxe2 $11 {KR-KR} 41. b5 Ra2 42. bxc6 bxc6 43. Rxc6 Rxa4 44. Rd6 {Precision: White = 41%, Black = 54%.} 1/2-1/2

[Event "Yingmei CHN-chT 2018"]
[Site "Shenzhen"]
[Date "2018.04.12"]
[Round "2"]
[White "Vo, Thi Kim Phung"]
[Black "Zhou, Zirun"]
[Result "1/2-1/2"]
[WhiteElo "2393"]
[BlackElo "1993"]
[Annotator "NA RC"]
[PlyCount "95"]
[EventDate "2018.??.??"]
[EventCountry "CHN"]
[SourceTitle "playchess.com"]
[Source "ChessBase"]
[SourceQuality "1"]
[TimeControl "5400+30"]

{[%evp 24,79,18,11,12,1,14,6,7,10,28,0,12,0,27,15,12,9,22,11,31,0,8,8,14,0,32,0,2,-45,-31,-43,-31,-25,-27,32767,32767,32767,-94,-91,-55,-108,-92,-108,-120,-117,-107,-116,-65,-270,-262,-270,-166,-149,-110,-128,-103,-145]} 1. d4 Nf6 2. c4 e6 3. Nc3 d5 4. Bg5 Be7 5. e3 Nbd7 6. cxd5 exd5 7. Bd3 c6 8. Qc2 h6 9. Bh4 Nh5 10. Bxe7 Qxe7 11. Nge2 Nb6 12. h3 {D36: Queen's Gambit Declined: Exchange Variation: Main line (5 Bg5 c6 6 Qc2)} (12. O-O O-O 13. Rae1 Be6 14. Nc1 Rad8 15. Nb3 Rfe8 16. Nc5 Bc8 17. b4 Nc4 18. Qe2 Qg5 19. f4 Qh4 20. Bxc4 dxc4 {0-1 (37) Navara,D (2724)-Adams,M (2740) Biel 2015}) 12... Be6 {LiveBook: 8 Games} 13. g4 Nf6 14. Ng3 g6 15. O-O-O O-O-O 16. Kb1 Kb8 17. Rhe1 $146 Rc8 18. Qe2 Rhd8 19. Qf3 Rc7 20. Qf4 g5 21. Qf3 $1 Nc8 22. Nf5 Bxf5 23. Qxf5 Nd6 24. Qf3 Re8 25. Qg3 Nfe4 26. Bxe4 Nxe4 27. Nxe4 Qxe4+ 28. Ka1 f5 29. gxf5 Qxf5 30. h4 g4 31. h5 Kc8 32. Rg1 Rg7 33. Rh1 {[#]} Rg5 $1 34. Rdg1 Rf8 35. Qd6 Qf6 36. Qc5 $2 (36. Qxf6 $17 Rxf6 37. Rg2) 36... Qxf2 37. a3 g3 (37... Rf7 $142 38. Qc1 Qe2) 38. Rg2 Qf3 ({Much weaker is} 38... Qxg2 $6 39. Qxf8+ Kc7 40. Qe7+ Kc8 41. Qe8+ Kc7 42. Qe7+ Kc8 43. Qe8+ Kc7 44. Qe7+ $11) 39. Rhg1 Rfg8 40. Qxa7 $17 Qxh5 41. Qa8+ Kc7 42. Qa5+ Kb8 43. Rxg3 Rxg3 44. Rxg3 Rxg3 45. Qd8+ Ka7 46. Qa5+ Kb8 47. Qd8+ Ka7 48. Qa5+ 1/2-1/2

[Event "Yingmei CHN-chT 2018"]
[Site "Shenzhen"]
[Date "2018.04.12"]
[Round "2"]
[White "Wang, Jue"]
[Black "Tan, Zhongyi"]
[Result "1/2-1/2"]
[WhiteElo "2365"]
[BlackElo "2523"]
[Annotator "TA"]
[PlyCount "61"]
[EventDate "2018.??.??"]
[EventCountry "CHN"]
[SourceTitle "playchess.com"]
[Source "ChessBase"]
[SourceQuality "1"]

{[%evp 34,61,42,41,40,43,36,40,54,49,54,48,50,50,62,56,78,44,48,0,67,0,43,0,68,0,42,0,80,0]} 1. e4 e5 2. Nf3 Nc6 3. Nc3 Nf6 4. d4 exd4 5. Nxd4 Bb4 6. Nxc6 bxc6 7. Bd3 d5 8. exd5 cxd5 9. O-O O-O 10. Bg5 c6 11. Qf3 Bd6 12. Rae1 Rb8 13. Nd1 h6 {C47: Scotch Four Knights and Four Knights with 4 g3} 14. Bxf6 Qxf6 15. Qxf6 gxf6 16. b3 a5 17. Ne3 a4 (17... Bb4 18. Re2 a4 19. Nf5 Bxf5 20. Bxf5 Rfd8 21. Re3 axb3 22. axb3 c5 23. Rg3+ Kf8 24. Rh3 Kg7 25. Rg3+ Kf8 26. Rh3 {½-½ (26) Wei,Y (2743)-Matlakov,M (2718) Wijk aan Zee 2018}) 18. Nf5 {LiveBook: 3 Games} Bxf5 19. Bxf5 Rfd8 20. Re3 Rb4 $146 ({Predecessor:} 20... a3 21. Rc3 {0-1 (41) Berg,E (2390)-Wedberg,T (2475) Stockholm 1998}) 21. g3 Be5 22. Rd1 axb3 23. axb3 Kf8 24. Kg2 Rd4 25. Bd3 {[#] Threatens to win with f4.} Rb4 26. Bf5 Rd4 $1 {[%cal Rd4d1]} 27. Bd3 {Black must now prevent f4.} Rb4 $1 28. Bf5 Rd4 $1 {[%cal Rd4d1]} 29. Bd3 {[#] And now f4 would win.} Rb4 $1 30. Bf5 Rd4 31. Bd3 (31. Ra1 $16) 1/2-1/2